000 01165cam a2200349 i 4500
001 17892629
003 OSt
005 20260608123653.0
008 130919s2014 pau b 000 0 eng
010 _a 2013030936
020 _a9781596389175
_qpbk.
035 _a17892629
040 _aDLC
_beng
_cDLC
_erda
_dDLC
042 _apcc
050 0 0 _aBS580.A4
_bP69 2014
082 0 0 _a222/.11092
_223
100 1 _aPoythress, Vern S.
245 1 0 _aDid Adam exist? /
_cVern S. Poythress.
264 1 _aPhiladelphia, Pennsylvania :
_bWestminster Seminary Press ;
_aPhillipsburg, New Jersey :
_bP&R Publishing,
_c[2014]
300 _a39 pages ;
_c22 cm.
336 _atext
_2rdacontent
337 _aunmediated
_2rdamedia
338 _avolume
_2rdacarrier
490 0 _aChristian answers to hard questions
504 _aIncludes bibliographical references.
583 _aCataloguing:
_c20260608
_kgtanuigtanui
600 0 0 _aAdam
_c(Biblical figure)
650 0 _aBible and science.
906 _a7
_bcbc
_corignew
_d1
_eecip
_f20
_gy-gencatlg
942 _2lcc
_cBK
999 _c21665
_d21664